000 00385nam a2200169Ia 4500
003 OSt
005 20240130162916.0
008 170619s9999 xx 000 0 und d
020 _a9788120308695
040 _cIIMT ENGINEERING COLLEGE
100 _aRashid M H
245 0 _aPower electronics
260 _bNew Delhi: PHI
260 _c2000
546 _aENGLISH
942 _2ddc
_c02
999 _c16267
_d16267